000 00702nam a2200241 a 4500
001 65851
003 BD-RjUL
005 20211209081454.0
008 170312s1985 nyua 001 0 eng
020 _a0442209746
035 _a(BD-RjUL)65981
040 _aDLC
_cDLC
_dBD-RjUL
_beng
041 _aeng
082 0 0 _a006.3
_223
_bBEL 1985
100 1 _aBerk, A. A.
_9194740
245 1 0 _aLISP, the language of artificial intelligence /
_cA.A. Berk.
260 _aNew York :
_bVan Nostrand Reinhold,
_cc1985.
300 _a160 p. :
_bill. ;
_c24 cm.
500 _aIncludes index.
650 0 _aLISP (Computer program language)
_9194741
650 0 _aArtificial intelligence.
_9194631
942 _2ddc
_cBK
999 _c65851
_d65851